[Event "EU-ch (Women) 9th"]
[Site "Plovdiv"]
[Date "2008.04.27"]
[Round "7"]
[White "Mihajlova, Diana"]
[Black "Bayrak, Asli"]
[Result "0-1"]
[WhiteElo "1623"]
[BlackElo "2031"]
[PlyCount "70"]
[EventDate "2008.04.21"]
[EventType "swiss"]
[EventRounds "11"]
[EventCountry "BUL"]
[SourceTitle "CBM 123 Extra"]
[Source "ChessBase"]
[SourceDate "2008.05.06"]
[SourceVersion "1"]
[SourceVersionDate "2008.05.06"]
[SourceQuality "1"]

1. e4 e6 2. d4 d5 3. Bd3 dxe4 4. Bxe4 Nf6 5. Nc3 c6 6. Nf3 Bb4 7. Bd3 Nbd7 8. Bf4 0-0 9. 0-0 a6 10. Ne4 Nxe4 11. Bxe4 Nf6 12. Bd3 Be7 13. Ne5 Bd7 14. Qf3 b5 15. Nxc6 Bxc6 16. Qxc6 Qxd4 17. Bc1 Nd5 18. Rd1 Qe5 19. c3 Rfc8 20. Qb7 Rcb8 21. Qc6 Rd8 22. f4 Qb8 23. f5 Rc8 24. Bf4 Qa7+ 25. Kh1 Rxc6 26. Bg3 Bd6 27. Bh4 Re8 28. Re1 Qc7 29. g3 e5 30. Be4 Nf6 31. Bxf6 gxf6 32. b3 Rxc3 33. g4 h6 34. h4 Qc5 35. Rg1 Qf2 0-1

[Event "EU-ch (Women) 9th"]
[Site "Plovdiv"]
[Date "2008.04.24"]
[Round "4"]
[White "Bayrak, Asli"]
[Black "Videnova, Iva"]
[Result "0-1"]
[WhiteElo "2031"]
[BlackElo "2178"]
[PlyCount "144"]
[EventDate "2008.04.21"]
[EventType "swiss"]
[EventRounds "11"]
[EventCountry "BUL"]
[SourceTitle "CBM 123 Extra"]
[Source "ChessBase"]
[SourceDate "2008.05.06"]
[SourceVersion "1"]
[SourceVersionDate "2008.05.06"]
[SourceQuality "1"]

1. e4 c5 2. Nc3 Nc6 3. g3 g6 4. Bg2 Bg7 5. d3 d6 6. f4 e6 7. Nf3 Nge7 8. 0-0 0-0 9. Be3 b6 10. d4 Ba6 11. Rf2 Qc7 12. a4 Rad8 13. Nb5 Bxb5 14. axb5 Nxd4 15. Nxd4 cxd4 16. Bxd4 e5 17. Bc3 exf4 18. gxf4 Bxc3 19. bxc3 f5 20. exf5 Rxf5 21. Bh3 Rf6 22. Qd4 Rdf8 23. Re1 Nf5 24. Qd5+ Kg7 25. c4 Qc5 26. Bg2 Rc8 27. Qxc5 Rxc5 28. Bd5 Rc7 29. Rfe2 Rf8 30. c3 Rd8 31. Bc6 Kf8 32. Re8+ Rxe8 33. Rxe8+ Kg7 34. Kf2 Ne7 35. Ra8 Nxc6 36. bxc6 a5 37. Ke3 Rxc6 38. Kd4 Kf6 39. Rb8 Kf5 40. Rf8+ Kg4 41. Rf7 h6 42. Rf6 g5 43. fxg5 Kxg5 44. Re6 a4 45. Kd3 h5 46. Re7 Rc5 47. Rd7 a3 48. Kc2 a2 49. Kb2 Rxc4 50. Rxd6 Rxc3 51. Rxb6 Kg4 52. Ra6 Rc8 53. Ra3 h4 54. Rd3 Rc2+ 55. Ka1 Rc1+ 56. Kxa2 Rc2+ 57. Kb3 Rxh2 58. Rd4+ Kf3 59. Rd8 Rg2 60. Rh8 Rg4 61. Rd8 h3 62. Rd3+ Kg2 63. Rd2+ Kg3 64. Rd3+ Kh4 65. Rd2 Rg3+ 66. Kc4 Rg2 67. Rd8 Rg4+ 68. Kd3 Kg3 69. Ke3 h2 70. Rd1 Kg2 71. Rd2+ Kh3 72. Rd1 Rg1 0-1

[Event "EU-ch (Women) 9th"]
[Site "Plovdiv"]
[Date "2008.04.23"]
[Round "3"]
[White "Nikoladze, Sopio"]
[Black "Bayrak, Asli"]
[Result "1-0"]
[WhiteElo "2249"]
[BlackElo "2031"]
[PlyCount "107"]
[EventDate "2008.04.21"]
[EventType "swiss"]
[EventRounds "11"]
[EventCountry "BUL"]
[SourceTitle "CBM 123 Extra"]
[Source "ChessBase"]
[SourceDate "2008.05.06"]
[SourceVersion "1"]
[SourceVersionDate "2008.05.06"]
[SourceQuality "1"]

1. d4 d5 2. e3 Nf6 3. c4 c6 4. Nc3 e6 5. Nf3 Nbd7 6. Bd3 Be7 7. 0-0 0-0 8. Qe2 Qc7 9. e4 dxe4 10. Nxe4 Nxe4 11. Qxe4 Nf6 12. Qh4 c5 13. Bf4 Qd8 14. Rad1 cxd4 15. Bb1 Ne4 16. Qh5 Nf6 17. Qb5 a6 18. Qb3 b5 19. cxb5 axb5 20. Nxd4 Qb6 21. Be3 Bc5 22. Qxb5 Qxb5 23. Nxb5 Bxe3 24. fxe3 Rb8 25. a4 Ba6 26. Bd3 Nd5 27. Rf3 Rfd8 28. Bf1 h6 29. b3 Bb7 30. Rc1 Nf6 31. Rf2 Ng4 32. Re2 Rd3 33. Rb2 Rxe3 34. h3 Nf6 35. Nd6 Bd5 36. b4 Ra3 37. Bb5 Rd8 38. Nc8 Kh7 39. a5 Ne4 40. Nb6 Nd6 41. Bf1 Bb7 42. Rd2 Bd5 43. Nxd5 exd5 44. Rxd5 Rc8 45. Rxc8 Nxc8 46. a6 Rb3 47. Rc5 Nb6 48. Rb5 Nc8 49. Rb8 Na7 50. Rb7 Nc8 51. b5 Ra3 52. Rxf7 Ra1 53. Rc7 Nd6 54. b6 1-0

[Event "EU-ch (Women) 9th"]
[Site "Plovdiv"]
[Date "2008.04.21"]
[Round "1"]
[White "Bayrak, Asli"]
[Black "Petrenko, Svetlana"]
[Result "0-1"]
[WhiteElo "2031"]
[BlackElo "2314"]
[PlyCount "104"]
[EventDate "2008.04.21"]
[EventType "swiss"]
[EventRounds "11"]
[EventCountry "BUL"]
[SourceTitle "CBM 123 Extra"]
[Source "ChessBase"]
[SourceDate "2008.05.06"]
[SourceVersion "1"]
[SourceVersionDate "2008.05.06"]
[SourceQuality "1"]

1. e4 c6 2. d4 d5 3. exd5 cxd5 4. c4 Nf6 5. Nc3 g6 6. Nf3 Bg7 7. Be2 0-0 8. 0-0 dxc4 9. Bxc4 Nbd7 10. Re1 Nb6 11. Bb3 e6 12. Bg5 Qd6 13. Qd2 Nbd5 14. Bxd5 Nxd5 15. Ne4 Qb6 16. Bh6 f6 17. Bxg7 Kxg7 18. Nc5 Re8 19. Re4 Qd6 20. Rae1 b6 21. Nd3 Bb7 22. Rh4 Kg8 23. Qh6 Qd7 24. Nd2 Qg7 25. Qxg7+ Kxg7 26. Nf4 g5 27. Nh5+ Kg6 28. Rh3 Nb4 29. Ne4 Nc2 30. Re2 Nxd4 31. Re1 Nc2 32. Re2 Red8 33. f3 Rd1+ 34. Kf2 Nd4 35. Re1 Rxe1 36. Kxe1 Bxe4 37. fxe4 Rc8 38. g4 Rc1+ 39. Kd2 Rc2+ 40. Kd1 Rxb2 41. Ra3 a5 42. h3 Rf2 43. Rd3 e5 44. Rc3 Rxa2 45. Rc7 Rf2 46. Rg7+ Kh6 47. Rg8 a4 48. Ke1 Re2+ 49. Kd1 a3 50. Rf8 Rf2 51. Ke1 Rf3 52. h4 gxh4 0-1

[Event "EU-chT (Women) 15th"]
[Site "Gothenburg"]
[Date "2005.08.07"]
[Round "9"]
[White "Bayrak, Asli"]
[Black "Nagy, Laura"]
[Result "1-0"]
[WhiteElo "1967"]
[BlackElo "1933"]
[PlyCount "73"]
[EventDate "2005.07.30"]
[EventType "team-swiss"]
[EventRounds "9"]
[EventCountry "SWE"]
[SourceTitle "CBM 107 Extra"]
[Source "ChessBase"]
[SourceDate "2005.09.01"]
[SourceVersion "1"]
[SourceVersionDate "2005.09.01"]
[SourceQuality "1"]
[WhiteTeam "Turkey (W)"]
[BlackTeam "Austria (W)"]
[WhiteTeamCountry "TUR"]
[BlackTeamCountry "AUT"]

1. e4 e5 2. Bc4 Nc6 3. Nf3 Bc5 4. c3 Nf6 5. d3 d6 6. Bb3 h6 7. 0-0 0-0 8. Re1 Bb6 9. Nbd2 Ng4 10. Re2 Be6 11. h3 Bxb3 12. axb3 Nf6 13. Nc4 Qd7 14. d4 exd4 15. cxd4 d5 16. Nce5 Nxe5 17. dxe5 dxe4 18. Rd2 Qf5 19. exf6 exf3 20. fxg7 Kxg7 21. Rd5 Qe4 22. Ra4 Qe2 23. Bxh6+ Kxh6 24. Qc1+ Be3 25. Rh4+ Kg6 26. Rg4+ Kh6 27. Rh4+ Kg6 28. Rg4+ Kh6 29. Qxe3+ Qxe3 30. fxe3 fxg2 31. Rf5 Rae8 32. Rf6+ Kh7 33. Rf5 Kh6 34. e4 Re6 35. Kxg2 Rd6 36. Kg3 Rd3+ 37. Kh4 1-0

[Event "EU-chT (Women) 15th"]
[Site "Gothenburg"]
[Date "2005.07.31"]
[Round "2"]
[White "Bayrak, Asli"]
[Black "Gilbert, Jessie"]
[Result "1-0"]
[WhiteElo "1967"]
[BlackElo "2151"]
[PlyCount "104"]
[EventDate "2005.07.30"]
[EventType "team-swiss"]
[EventRounds "9"]
[EventCountry "SWE"]
[SourceTitle "CBM 107 Extra"]
[Source "ChessBase"]
[SourceDate "2005.09.01"]
[SourceVersion "1"]
[SourceVersionDate "2005.09.01"]
[SourceQuality "1"]
[WhiteTeam "Turkey (W)"]
[BlackTeam "England (W)"]
[WhiteTeamCountry "TUR"]
[BlackTeamCountry "ENG"]

1. e4 g6 2. d4 Bg7 3. Nf3 d6 4. Bd3 Nf6 5. 0-0 0-0 6. Re1 Nc6 7. h3 e5 8. c3 Nh5 9. Be3 Nf4 10. Na3 Qf6 11. d5 Ne7 12. Bf1 g5 13. g3 Qg6 14. Kh2 Nxh3 15. Bxh3 Bxh3 16. Nxg5 Bd7 17. Kg2 h6 18. Nf3 Qg4 19. Nc4 Qxe4 20. Ncxe5 dxe5 21. Bc5 Qf5 22. Bxe7 Rfe8 23. Bh4 e4 24. Nh2 Re5 25. Qe2 Rae8 26. Qe3 Rxd5 27. Qxa7 Rd2 28. g4 Qg6 29. Bg3 Rxb2 30. Qa3 Rc2 31. Re3 Bxg4 32. Nxg4 Qxg4 33. Qa4 Rxf2+ 34. Kxf2 Re6 35. Qd1 Qf5+ 36. Kg2 Rg6 37. Qd8+ Kh7 38. Rf1 Qc5 39. Qd2 f5 40. Kh2 h5 41. Bf4 Rg4 42. Rg3 h4 43. Rh3 Qb5 44. Rg1 Bf6 45. c4 Qa4 46. Rg2 Kg6 47. Qe2 Rxg2+ 48. Qxg2+ Kf7 49. Qe2 c5 50. Rb3 Qa6 51. Qh5+ Ke7 52. Rxb7+ Kd8 1-0